书目信息 |
| 题名: |
植物生态病理学
|
|
| 作者: | 杨新美 ;李国庆 | |
| 分册: | ||
| 出版信息: | 北京 中国农业科技出版社 2000 |
|
| 页数: | 258 | |
| 开本: | 26cm | |
| 丛书名: | ||
| 单 册: | ||
| 中图分类: | S432.1 | |
| 科图分类: | ||
| 主题词: | 植物--病虫害 , 植物--病虫害防治方法 | |
| 电子资源: | ||
| ISBN: | 7-80119-795-X | |
| 000 | 00617nam0 2200205 450 | |
| 001 | 0741144344 | |
| 005 | 20070817112544.34 | |
| 010 | @a7-80119-795-X@b精装@d¥38.00 | |
| 100 | @a20070817d km y0chiy0120 ea | |
| 101 | 0 | @achi |
| 200 | 1 | @a植物生态病理学@Azhi wu sheng tai bing li xue@f杨新美@Fyang xin mei@g李国庆@Gli guo qing |
| 210 | @a北京@c中国农业科技出版社@d2000 | |
| 215 | @a258@c插图@d26cm | |
| 606 | 0 | @a植物@x病虫害 |
| 606 | 0 | @a植物@x病虫害防治方法 |
| 690 | @aS432.1@v3 | |
| 701 | 0 | @a杨新美@Ayang xin mei |
| 702 | 0 | @a李国庆@Ali guo qing |
| 801 | 0 | @aCN@bPFT@c20070817 |
| 905 | @a213230@dS432.1@en2@f1 | |
| 植物生态病理学/杨新美/李国庆.-北京:中国农业科技出版社,2000 |
| 258:插图;26cm |
| ISBN 7-80119-795-X(精装):¥38.00 |
| ● |
| 相关链接 |
|
|
|
|
正题名:植物生态病理学
索取号:S432.1/n2
 
预约/预借
| 序号 | 登录号 | 条形码 | 馆藏地/架位号 | 状态 | 备注 |
| 1 | 6600612 | 266006127 | 密集书库-生命科学系/ [索取号:S432.1/n2] | 在馆 |